000 00226nam a22000857a 4500
008 151005b xxu||||| |||| 00| 0 eng d
082 _a333.7 INT
245 _aINTEGRATED NATURAL RESOURCE MANAGEMENT
260 _bTHE WORLD BANK:
_c1992.
999 _c3371
_d3371